Guatemala: encrucijada entre la Guerra y la paz /

Guardado en:
Bibliografiske detaljer
Hovedforfatter: Jonas, Susanne
Format: Texto
Tags: Tilføj Tag
Ingen Tags, Vær først til at tagge denne postø!

MARC

LEADER 00000 a a2200000 04500
001 47485
003
040
100 |a Jonas, Susanne  
245 |a Guatemala:   |b encrucijada entre la Guerra y la paz /  |c Susanne Jonas  
773 |g número2, (1994), páginas 44-55  
999 |c 39685  |d 39685